| 000 | 00872nam a22001577a 4500 | ||
|---|---|---|---|
| 003 | OSt | ||
| 005 | 20151021090445.0 | ||
| 008 | 151021b xxu||||| |||| 00| 0 eng d | ||
| 040 | _cRUA | ||
| 082 | _aAVM KIM 2010 B091 Or.1 | ||
| 100 |
_92570 _aKIM,CHANSY. |
||
| 245 | _aStudy on growth rate of avian broiler chicken by adding shrimp by product and sweet potato vines in c.p concentrate at royal university of agriculture, ការសិក្សាលើការលូតលាស់របស់មាន់សាច់AVIAN ដោយបន្ថែមអនុផលបង្គា និងទងដំឡូងជ្វាស្រស់លើចំណីក្រុមហ៊ុនc.p នៅសាកលវិទ្យាល័យភូមិន្ធកសិកម្ម. | ||
| 260 |
_aphnom phen _bRUA _c2010 |
||
| 300 |
_aXIII,41p. _bill. _c29cm. |
||
| 942 |
_2ddc _cAVM |
||
| 999 |
_c2422 _d2422 |
||